An Introduction to operating systems: Including case studies in unix, OS/2, MS-DOS, macintosh, UM,MVS, open systems (Record no. 166563)
[ view plain ]
| 000 -LEADER | |
|---|---|
| fixed length control field | 00528nam a2200169Ia 4500 |
| 008 - FIXED-LENGTH DATA ELEMENTS--GENERAL INFORMATION | |
| fixed length control field | 231217s9999 xx 000 0 und d |
| 041 ## - LANGUAGE CODE | |
| Language code of text/sound track or separate title | English |
| 082 ## - DEWEY DECIMAL CLASSIFICATION NUMBER | |
| Classification number | 001.642 DEI;10 |
| 100 ## - MAIN ENTRY--PERSONAL NAME | |
| Personal name | Deitel, Harvey M. |
| 245 #3 - TITLE STATEMENT | |
| Title | An Introduction to operating systems: Including case studies in unix, OS/2, MS-DOS, macintosh, UM,MVS, open systems |
| 250 ## - EDITION STATEMENT | |
| Edition statement | 2nd ed. |
| 260 ## - PUBLICATION, DISTRIBUTION, ETC. | |
| Date of publication, distribution, etc. | 1999 |
| Name of publisher, distributor, etc. | Massachusetts : Addison-Wesley, |
| 300 ## - PHYSICAL DESCRIPTION | |
| Extent | xxv+853 |
| 500 ## - GENERAL NOTE | |
| General note | withdrawn on 29 July 2015 |
| 650 ## - SUBJECT ADDED ENTRY--TOPICAL TERM | |
| Topical term or geographic name entry element | Operating system |
| 942 ## - ADDED ENTRY ELEMENTS (KOHA) | |
| Koha item type | Books |
| Date last seen | Total checkouts | Full call number | Accession number | Cost, total (INR) price | Price effective from | Category | Lost status | Damaged status | Department | Withdrawn status | Home library | Current library | Entry date | Vendor | Cost, normal purchase price | Grants | Billnumber | Billdate | Currency symbol | Conversion rate | Discount | Old discount |
|---|---|---|---|---|---|---|---|---|---|---|---|---|---|---|---|---|---|---|---|---|---|---|
| 26/01/2024 | 001.642 DEI;10 | 14072 | 218.78 | 26/01/2024 | Books | Central Library | Central Library | Central Library | 08/09/1999 | VBH | 5.75 | MCA | 1047 | 26/04/2002 | USD | 44.74 | 0.86 | 15 | ||||
| 26/01/2024 | 001.642 DEI;11 | 14073 | 218.78 | 26/01/2024 | Books | Central Library | Central Library | Central Library | 08/09/1999 | VBH | 5.75 | MCA | 1047 | 26/04/2002 | USD | 44.74 | 0.86 | 15 | ||||
| 26/01/2024 | 001.642 DEI;12 | 14074 | 218.78 | 26/01/2024 | Books | Central Library | Central Library | Central Library | 08/09/1999 | VBH | 5.75 | MCA | 1047 | 26/04/2002 | USD | 44.74 | 0.86 | 15 | ||||
| 26/01/2024 | 001.642 DEI;13 | 14075 | 218.78 | 26/01/2024 | Books | Central Library | Central Library | Central Library | 08/09/1999 | VBH | 5.75 | MCA | 1047 | 26/04/2002 | USD | 44.74 | 0.86 | 15 | ||||
| 26/01/2024 | 001.642 DEI;14 | 14076 | 218.78 | 26/01/2024 | Books | Central Library | Central Library | Central Library | 08/09/1999 | VBH | 5.75 | MCA | 1047 | 26/04/2002 | USD | 44.74 | 0.86 | 15 | ||||
| 26/01/2024 | 001.642 DEI;15 | 14077 | 218.78 | 26/01/2024 | Books | Central Library | Central Library | Central Library | 08/09/1999 | VBH | 5.75 | MCA | 1047 | 26/04/2002 | USD | 44.74 | 0.86 | 15 |
